LEADER 01993nam0 22004333i 450 001 VAN00288311 005 20250929091029.289 017 70$2N$a9789811052545 100 $a20250305d2017 |0itac50 ba 101 $aeng 102 $aSG 105 $a|||| ||||| 181 $ai$b e 182 $ab 183 $acr 200 1 $aReactive Oxygen Species and Antioxidant Systems in Plants: Role and Regulation under Abiotic Stress$fM. Iqbal R. Khan, Nafees A. Khan editors 210 $aSingapore$cSpringer$d2017 215 $aXIII, 329 p.$cill.$d24 cm 620 $aSG$dSingapore$3VANL000061 676 $a581.7$cEcologia vegetale, piante caratteristiche di specifici ambienti$v22 676 $a571.2$cFisiologia vegetale$v22 676 $a572.5672$cBiochimica delle piante$v22 676 $a578.01$cTassonomia$v22 702 1$aKhan$bM. Iqbal R.$3VANV242918 702 1$aKhan$bNafees A.$3VANV228079 712 $aSpringer $3VANV108073$4650 790 1$aKhan, M. I. R$zKhan, M. Iqbal R.$3VANV242919 790 1$aKhan, M.I.R$zKhan, M. Iqbal R.$3VANV242920 790 1$aKhan, Nafees Ahmad$zKhan, Nafees A.$3VANV239941 790 1$aKhan, N. A.$zKhan, Nafees A.$3VANV239942 790 1$aKhan, N.A.$zKhan, Nafees A.$3VANV239943 801 $aIT$bSOL$c20251003$gRICA 856 4 $uhttps://link.springer.com/openurl?genre=book&isbn=978-981-10-5254-5$zE-book - Accesso al full-text attraverso riconoscimento IP di Ateneo, proxy e/o Shibboleth 899 $aBIBLIOTECA DEL DIPARTIMENTO DI SCIENZE E TECNOLOGIE AMBIENTALI BIOLOGICHE E FARMACEUTICHE$1IT-CE0101$2VAN17 912 $fN 912 $aVAN00288311 950 $aBIBLIOTECA DEL DIPARTIMENTO DI SCIENZE E TECNOLOGIE AMBIENTALI BIOLOGICHE E FARMACEUTICHE$d17CONS e-book 178 $e17BIB178/508 508 20250305 996 $aReactive Oxygen Species and Antioxidant Systems in Plants: Role and Regulation under Abiotic Stress$92234092 997 $aUNICAMPANIA